000 00945nam a22002297a 4500
003 NALT
005 20260119135055.0
008 s2558 th tha d
020 _a9789744497987
040 _aNALT
041 _atha
050 _aJF 1411
_bป159ก 2558
100 0 _aปธาน สุวรรณมงคล
_93433
245 1 0 _aการบริหารงานภาครัฐกับการสร้างธรรมาภิบาล /
_cปธาน สุวรรณมงคล.
260 _aกรุงเทพฯ :
_bสถาบันพระปกเกล้า,
_c2558.
300 _a111 หน้า :
_bภาพประกอบ, ตาราง ;
_c21 ซม.
650 4 _aการบริหารรัฐกิจ
_99283
650 4 _aธรรมรัฐ
_93947
850 _aNALT
942 _cGB
_2lcc
999 _c73436
_d73436
998 _j8
_k นายบัณฑิต อุทาวงค์